Maggior numero di Giri percorsi in testa in Formula 1 - Statistics

Statistiche generali
  • Questo quiz è stato fatto 67 volte
  • Il punteggio medio è 11 su 13
Statistiche sulle risposte
Nazione Giri percorsi in testa Pilota % Corretto
Regno Unito 5 455 Lewis Hamilton
100%
Paesi Bassi 2 650 Max Verstappen
100%
Germania 5 111 Michael Schumacher
100%
Germania 3 501 Sebastian Vettel
100%
Brasile 2 931 Ayrton Senna
98%
Spagna 1 773 Fernando Alonso
98%
Francia 2 683 Alain Prost
97%
Austria 1 593 Niki Lauda
89%
Germania 1 533 Nico Rosberg
80%
Regno Unito 2 091 Nigel Mansell
77%
Brasile 1 600 Nelson Piquet
74%
Regno Unito 1 943 Jim Clark
59%
Regno Unito 1 919 Jackie Stewart
57%
Nessun quiz corrispondente trovato
Distribuzione punteggi
Percentuale di utenti per punteggio
Percentile per numero di risposta
I tuoi punteggi nel tempo
Non hai fatto questo quiz